ბათუმის შოთა რუსთაველის სახელმწიფო უნივერსიტეტის ბიბლიოთეკა

Gastrointestinal Bleeding : (ბიბ.ჩანაწერი № 62289)

000 -LEADER
fixed length control field 00829nam a22001937a 4500
005 - DATE AND TIME OF LATEST TRANSACTION
control field 20240916170417.0
008 - FIXED-LENGTH DATA ELEMENTS--GENERAL INFORMATION
fixed length control field 240916s2024 enk||||| |||| 00| 0 eng d
020 ## - INTERNATIONAL STANDARD BOOK NUMBER
International Standard Book Number 9780443130472x
080 ## - UNIVERSAL DECIMAL CLASSIFICATION NUMBER
Universal Decimal Classification number 616.3 G-24
245 ## - TITLE STATEMENT
Title Gastrointestinal Bleeding :
Remainder of title Gastrointestinal Endoscopy Clinics of North America /
Statement of responsibility, etc. Editor by Patrick Pfau.
264 ## - PRODUCTION, PUBLICATION, DISTRIBUTION, MANUFACTURE, AND COPYRIGHT NOTICE
Place of production, publication, distribution, manufacture Philadelphia :
Name of producer, publisher, distributor, manufacturer Elsevier,
Date of production, publication, distribution, manufacture, or copyright notice 2024.
300 ## - PHYSICAL DESCRIPTION
Extent 382 p.:
Other physical details ill.;
Dimensions 24 cm.
653 ## - INDEX TERM--UNCONTROLLED
keyword კუჭ-ნაწლავის სისხლდენა
653 ## - INDEX TERM--UNCONTROLLED
keyword კუჭ-ნაწლავის ენდოსკოპიური კლინიკების საკითხი
653 ## - INDEX TERM--UNCONTROLLED
keyword მედიცინა
653 ## - INDEX TERM--UNCONTROLLED
keyword გასტროენტეროლოგია
700 ## - ADDED ENTRY--PERSONAL NAME
Personal name Pfau, Patrick
Relator term რედაქტორი
9 (RLIN) 23234
942 ## - ADDED ENTRY ELEMENTS (KOHA)
Source of classification or shelving scheme
Koha item type წიგნი
ეგზემპლარები
Withdrawn status Lost status Source of classification or shelving scheme Damaged status Not for loan Permanent Location Current Location Shelving location Date acquired Cost, normal purchase price Full call number Barcode Date last seen Copy number Price effective from Koha item type Public note
          ბათუმის შოთა რუსთაველის სახელმწიფო უნივერსიტეტის მთავარი ბიბლიოთეკა ბათუმის შოთა რუსთაველის სახელმწიფო უნივერსიტეტის მთავარი ბიბლიოთეკა წიგნსაცავი 2024-09-16 282.00 616.3 G-24 68875 2024-09-16 68875 2024-09-16 წიგნი 282 ლ.
          ბათუმის შოთა რუსთაველის სახელმწიფო უნივერსიტეტის მთავარი ბიბლიოთეკა ბათუმის შოთა რუსთაველის სახელმწიფო უნივერსიტეტის მთავარი ბიბლიოთეკა წიგნსაცავი 2024-09-16 282.00 616.3 G-24 68874 2024-09-16 68874 2024-09-16 წიგნი 282 ლ.